Famous Serbs by Picture - Statistics

General Stats
  • This quiz has been taken 79 times
  • The average score is 9 of 16
Answer Stats
Picture Hint Answer % Correct
1856–1943 Nikola Tesla
99%
1987– Novak Djokovic
91%
1941–2006 Slobodan Milošević
72%
1970– Aleksandar Vučić
68%
1995– Nikola Jokić
68%
1994– Aleksandar Mitrović
55%
1984– Marija Šerifović
54%
1981– Nemanja Vidić
54%
1988– Dušan Tadić
46%
1968– Vlade Divac
45%
1899–1993 Desanka Maksimović
43%
1858–1935 Mihajlo Pupin
43%
1954– Emir Kusturica
38%
1978– Dejan Stanković
33%
1987– Ana Ivanović
28%
1946– Marina Abramović
23%
No matching quizzes found
Score Distribution
Percent of People with Each Score
Percentile by Number Answered
Your Score History
You have not taken this quiz